000 00291nam a22001337a 4500
008 170616b xxu||||| |||| 00| 0 eng d
020 _a9780691078892
041 _aeng
080 _a32
100 _a20
101 _aSHP
245 _aMAKING DEMOCRACY WORK
_cPUTNAM, R.D
942 _2udc
_cBK
999 _c17861
_d17861